Loading...
| Philosophy | 1 | 3 | 1 | 0 | 40 | 36 | 58.75 | 3 | 4 |
| History - European History | 0 | 4 | 0 | 1 | 40 | 92 | 114.25 | 2 | 4 |
| History - American History | 0 | 3 | 0 | 0 | 30 | 46 | 82.00 | 1 | 3 |
| Social Science | 1 | 1 | 0 | 0 | 25 | 45 | 62.50 | 2 | 2 |
| History - World History | 0 | 2 | 0 | 0 | 20 | 77 | 77.50 | 2 | 2 |
| Fine Arts - Auditory Fine Arts | 0 | 2 | 1 | 1 | 15 | 107 | 113.00 | 0 | 2 |
| Literature - American Literature | 1 | 0 | 0 | 0 | 15 | 24 | 24.00 | 1 | 1 |
| World and Other Literature | 1 | 0 | 1 | 0 | 10 | 64 | 64.00 | 1 | 1 |
| Literature - British Literature | 0 | 1 | 0 | 0 | 10 | 85 | 85.00 | 1 | 1 |
| Literature - European Literature | 0 | 1 | 0 | 0 | 10 | 17 | 17.00 | 1 | 1 |
| Other Arts: Auditory | 0 | 1 | 1 | 0 | 5 | 118 | 118.00 | 0 | 1 |
| Fine Arts - Visual Fine Arts | 0 | 1 | 2 | 0 | 0 | 125 | 125.00 | 1 | 1 |
| Science - Physics | 0 | 0 | 1 | 0 | -5 | 0.00 | 0 | 0 | |
| British and Commonwealth History | 0 | 0 | 1 | 0 | -5 | 0.00 | 0 | 0 |